[Event "12th Lichtenberger Sommer"]
[Site "Berlin GER"]
[Date "2013.08.22"]
[Round "6.92"]
[White "Strehlow,H2"]
[Black "Tschirschwitz,S"]
[Result "1-0"]
[WhiteElo "2026"]
[BlackElo "1570"]

1.e4 c5 2.Nf3 Nc6 3.d4 cxd4 4.Nxd4 e6 5.Nb5 d6 6.Bf4 e5 7.Be3 a6 8.N5c3 Nf6
9.Nd5 Nxd5 10.Qxd5 Be6 11.Qd2 d5 12.exd5 Bxd5 13.Nc3 Be6 14.O-O-O Qxd2+ 15.Rxd2 Be7
16.g3 Rd8 17.Rxd8+ Nxd8 18.Bg2 Nc6 19.Nd5 Bxd5 20.Bxd5 O-O 21.Bxc6 bxc6 22.Rd1 Rd8
23.Rxd8+ Bxd8 24.Kd2 Kf8 25.Kd3 Ke8 26.Kc4 Kd7 27.b4 f5 28.a4 g5 29.f4 gxf4
30.gxf4 exf4 31.Bxf4 Bc7 32.Bxc7 Kxc7 33.Kd4 Kd6 34.c4 c5+ 35.bxc5+ Kc6 36.h4 f4
37.Ke4 f3 38.Kxf3 Kxc5 39.Kg4 Kxc4 40.Kg5 Kd5 41.Kh6 Ke6 42.Kxh7 Kf7 43.a5 Ke6
44.Kg7 Kd5 45.h5 Kc5 46.h6 Kb5 47.h7 Kxa5 48.Kf7 Kb4 49.h8=Q a5 50.Qa1 a4
51.Ke6 Kb3 52.Kd5 a3 53.Kd4 a2 54.Kd3 Ka3 55.Kc4  1-0

[Event "15th Sants Open 2013"]
[Site "Barcelona ESP"]
[Date "2013.08.23"]
[Round "1.14"]
[White "Martin Perez,Laura"]
[Black "Firat,B"]
[Result "0-1"]
[WhiteElo "2040"]
[BlackElo "2416"]

1.e4 c5 2.Nf3 e6 3.d4 cxd4 4.Nxd4 Nc6 5.Nb5 d6 6.c4 Nf6 7.N5c3 Be7 8.Be2 O-O
9.O-O Bd7 10.Bf4 Ne5 11.Nd2 Bc6 12.Re1 Ng6 13.Bg3 d5 14.e5 Ne4 15.Ndxe4 dxe4
16.Bf1 Bb4 17.Qc2 h5 18.h3 h4 19.Bh2 Qa5 20.Re3 Bc5 21.Ree1 f5 22.Rad1 Rfd8
23.Nb5 a6 24.Nd6 Bb4 25.Re2 Ba4 26.b3 Bc6 27.c5 Ne7 28.Qc1 Nd5 29.Rc2 Rf8
30.Qg5 e3 31.fxe3 Bxc5 32.Nc4 Qd8 33.Bf4 Qxg5 34.Bxg5 f4 35.Bxh4 fxe3 36.Kh2 Rf4
37.Bg3 Rd4 38.Rcc1 a5 39.a3 a4 40.Rxd4 Bxd4 41.b4 Bb5 42.Rd1 Bc3 43.Rb1 Be8
44.Rc1 Bd2 45.Rc2 Bg6 46.Rb2 Bc3 47.Ra2 Bb1 48.Re2 Bd3  0-1

[Event "3rd Isthmia Open"]
[Site "Vrachati GRE"]
[Date "2013.08.25"]
[Round "9.8"]
[White "Nestorovic,N"]
[Black "Kourkoulos Arditis,Stamatis"]
[Result "0-1"]
[WhiteElo "2462"]
[BlackElo "2203"]

1.e4 c5 2.Nf3 e6 3.d4 cxd4 4.Nxd4 Nc6 5.Nb5 d6 6.c4 Nf6 7.N1c3 a6 8.Na3 Be7
9.Be2 O-O 10.O-O b6 11.Be3 Bb7 12.Qb3 Nd7 13.Rfd1 Qc7 14.Rac1 Bf6 15.f3 Nc5
16.Qc2 Be5 17.Nab1 f5 18.f4 Bxc3 19.Nxc3 fxe4 20.a3 Ne7 21.b4 Nf5 22.Bf2 e3
23.Be1 Nd7 24.Ne4 Rac8 25.Nxd6 Nxd6 26.Qd3 Qc6 27.Bf3 Ne5 28.Bxc6 Nxd3 29.Bxb7 Nxf4
30.Bf3 Rxc4 31.Rc3 Rxc3 32.Bxc3 Nd5 33.Be1 Nf5 34.a4 Nf4 35.g3 Nh3+ 36.Kg2 Ng5
37.Be2 Rc8 38.g4 Rc2 39.Kf1 Ne7 40.h4 Nh3 41.Rd8+ Kf7 42.Bxa6 Nd5 43.Bg3 Ndf4
44.Rd7+ Kf6 45.Rd6 e2+ 46.Bxe2 Nxe2 47.Be1 Nef4 48.Rxb6 Nd5 49.g5+ Kf5 50.Rb5 Kf4  0-1

[Event "Dnipropetrovsk A 2013"]
[Site "Dnipropetrovsk UKR"]
[Date "2013.09.22"]
[Round "9.4"]
[White "Petrenko,S"]
[Black "Gritsayeva,O"]
[Result "0-1"]
[WhiteElo "2184"]
[BlackElo "2346"]

1.e4 c5 2.Nf3 e6 3.d4 cxd4 4.Nxd4 Nc6 5.Nb5 d6 6.c4 Nf6 7.N1c3 a6 8.Na3 Be7
9.Be2 b6 10.Be3 Bb7 11.O-O Nb8 12.Qc2 Nbd7 13.Rad1 Qc7 14.f3 O-O 15.Qd2 Rfd8
16.Qe1 d5 17.cxd5 exd5 18.Nxd5 Nxd5 19.exd5 b5 20.Qf2 Bd6 21.f4 Re8 22.Kh1 Qa5
23.Bf3 Rac8 24.Bd4 Bc5 25.Bxc5 Nxc5 26.Qd4 Red8 27.f5 Qa4 28.Qe5 f6 29.Qg3 Ne4
30.Bxe4 Qxe4 31.d6 Rd7 32.Qb3+ Kf8 33.Qh3 Re8 34.Nb1 b4 35.Nd2 Qe2 36.Nf3 Bxf3
37.Qxf3 Qxf3 38.gxf3 Re2 39.Rd4 Rxb2 40.Rc1 Rd8 41.Rc7 a5 42.Rb7 Rxa2 43.d7 Re2
44.f4 g6 45.fxg6 hxg6 46.Kg1 Ke7 47.h3 f5 48.Rd5 Re4 49.Rxa5 Rxd7 50.Rb6 Rd6
51.Rb7+ Kf6 52.Rab5 Rxf4 53.Rxb4 Rxb4 54.Rxb4 Rd2 55.Rb6+ Kg5 56.Ra6 Re2
57.Rb6 Kh5 58.Rf6 Rd2 59.Kh1 Kg5 60.Ra6 f4 61.Kg1 Kh5 62.h4 Rd3 63.Rf6 Rg3+
64.Kf2 Rg4 65.Kf3 Rxh4 66.Rxf4 Rxf4+ 67.Kxf4 Kh4 68.Kf3 g5 69.Kf2 Kh3  0-1

[Event "Oslo Int Open 2013"]
[Site "Oslo NOR"]
[Date "2013.09.29"]
[Round "1"]
[White "Bjerke,R"]
[Black "Andersen,Mad"]
[Result "0-1"]
[WhiteElo "2173"]
[BlackElo "2479"]

1.e4 c5 2.Nf3 e6 3.d4 cxd4 4.Nxd4 Nc6 5.Nb5 d6 6.c4 Nf6 7.N1c3 a6 8.Na3 b6
9.Be3 Bb7 10.Qb3 Nd7 11.Be2 Nc5 12.Qc2 Be7 13.Rd1 O-O 14.O-O Bf6 15.Nab1 Nb4
16.Qd2 Be7 17.Bf4 e5 18.Be3 f5 19.exf5 Rxf5 20.Bg4 Rf6 21.Nd5 Nxd5 22.cxd5 a5
23.Rc1 Qe8 24.Nc3 Qg6 25.Qd1 Rff8 26.Na4 Ba6 27.Nxb6 Bxf1 28.Nxa8 Bxg2 29.Kxg2 h5
30.Nb6 hxg4 31.Nc4 Nd3 32.Rc3 e4 33.Nxa5 Bf6 34.Nc6 Qf5 35.Nd4 Bxd4 36.Bxd4 Rf7
37.Be3 Nxf2 38.Qe2 Nd3 39.Rc6 Rf6 40.a4 Kh7 41.Rb6 Qh5 42.Kg1 Ne5 43.Qg2 Nf3+
44.Kh1 Qxd5 45.Qxg4 Rg6 46.Qh3+ Rh6  0-1

[Event "39th National ch-BAN"]
[Site "Dhaka BAN"]
[Date "2013.10.03"]
[Round "11.7"]
[White "Ahmed,Sh"]
[Black "Rahman,Zia"]
[Result "0-1"]
[WhiteElo "2160"]
[BlackElo "2477"]

1.e4 c5 2.Nf3 e6 3.d4 cxd4 4.Nxd4 Nc6 5.Nb5 d6 6.c4 Nf6 7.N5c3 Be7 8.Be2 O-O
9.Be3 b6 10.O-O Bb7 11.a3 Rc8 12.b3 Ne5 13.f4 Ng6 14.Bf3 Nh4 15.Ra2 Qc7 16.Rd2 Qb8
17.Bd4 Nxf3+ 18.Qxf3 Bc6 19.Qg3 e5 20.Be3 Nh5 21.Qf3 Nxf4 22.Bxf4 exf4 23.Qxf4 h6
24.h4 Rce8 25.Nd5 Bxd5 26.Rxd5 Bf6 27.Nd2 Re6 28.Nf3 Rfe8 29.Rfd1 Qc8 30.Qg4 Qc7
31.Qg3 Bb2 32.a4 Rg6 33.Qf4 Ba3 34.Nd4 Bc5 35.Kh1 Qe7 36.Re1 h5 37.Nf5 Qf6
38.Qd2 Rg4 39.g3 Rgxe4 40.Rxe4 Rxe4 41.Kg2 Qe6 42.Qc3 Re2+  0-1

[Event "Tatry Open 2013"]
[Site "Tatranske Zruby SVK"]
[Date "2013.10.03"]
[Round "6.2"]
[White "Malik,J"]
[Black "Korpa,B"]
[Result "1/2-1/2"]
[WhiteElo "2246"]
[BlackElo "2351"]

1.e4 c5 2.Nf3 e6 3.d4 cxd4 4.Nxd4 Nc6 5.Nb5 d6 6.c4 Nf6 7.N1c3 a6 8.Na3 Be7
9.Be2 O-O 10.O-O b6 11.Be3 Ne5 12.f4 Ned7 13.Bf3 Bb7 14.Bf2 Qc7 15.Rc1 Rac8
16.Nab1 Qb8 17.Nd2 e5 18.f5 Bc6 19.Qe2 b5 20.Nd5  1/2-1/2

[Event "4th Continental Class 2013"]
[Site "Arlington USA"]
[Date "2013.10.12"]
[Round "6.6"]
[White "Burke,John M"]
[Black "Hasan,Me"]
[Result "1/2-1/2"]
[WhiteElo "2005"]
[BlackElo "2254"]

1.e4 c5 2.Nf3 e6 3.d4 cxd4 4.Nxd4 Nc6 5.Nb5 d6 6.c4 Nf6 7.N1c3 a6 8.Na3 Be7
9.Be2 O-O 10.O-O b6 11.Be3 Bb7 12.Qb3 Nd7 13.Rfd1 Rb8 14.Rac1 Nc5 15.Qc2 Bf6
16.f3 Be5 17.f4 Bxc3 18.bxc3 Qe7 19.Bf3 Rfd8 20.Bxc5 bxc5 21.Rb1 Ba8 22.Qa4 Rxb1
23.Rxb1 e5 24.Qxa6 exf4 25.e5 Nxe5 26.Bxa8 Ng4 27.Nc2 Qh4 28.h3 Qf2+ 29.Kh1 Qxc2
30.Qb6 Nf2+ 31.Kh2 Rf8 32.Rb2 Qxc3 33.Rxf2 Rxa8 34.Qxd6 Qg3+ 35.Kg1 Qe3 36.Qxf4 Qxf4
37.Rxf4 Rxa2 38.Rf5 Ra5  1/2-1/2

[Event "17th Unive Open 2013"]
[Site "Hoogeveen NED"]
[Date "2013.10.24"]
[Round "7.27"]
[White "De Jonge,Boris"]
[Black "Lee,Ka"]
[Result "1-0"]
[WhiteElo "2002"]
[BlackElo "2164"]

1.e4 c5 2.Nf3 e6 3.d4 cxd4 4.Nxd4 Nc6 5.Nb5 d6 6.c4 Nf6 7.N1c3 a6 8.Na3 b6
9.Be2 Bb7 10.O-O Be7 11.Be3 Ne5 12.f4 Ned7 13.Bf3 h6 14.Qe2 O-O 15.Rac1 Qc7
16.Rfd1 Rac8 17.Bf2 Rfe8 18.h4 Nh7 19.h5 Nhf8 20.Be3 Qb8 21.Nc2 Qa8 22.Nd4 Rc7
23.b3 Rec8 24.Qd3 Nh7 25.Nde2 Nhf6 26.Qb1 b5 27.cxb5 axb5 28.Nxb5 Rxc1 29.Rxc1 Rxc1+
30.Bxc1 Nxe4 31.a4 d5 32.Qc2 Bc5+ 33.Kh2 Qd8 34.g3 e5 35.fxe5 Ng5 36.Bg2 Qe7
37.Bf4 Ne6 38.Qf5 Bc6 39.Nbc3 Nxf4 40.Nxf4 Nxe5 41.Ncxd5 Qg5 42.Qc8+ Bf8
43.Ne7+ Qxe7 44.Bxc6 Qc5 45.Bb7 Nf3+ 46.Kg2 Qxc8 47.Bxc8 Nd4 48.a5 Nxb3 49.a6 Bc5
50.Ne6 Bb6 51.Kf3 Nd2+ 52.Ke2 Ne4 53.Nf4 Kf8 54.Nd5 Ba7 55.Kf3 Nd6 56.Bd7 g6
57.g4 Nc4 58.Ke4 Bc5 59.hxg6 fxg6 60.Nf4 Nb6 61.Ne6+ Ke7 62.Nxc5 Kd6 63.Kd4 Na8
64.Be8 g5 65.a7 Kc7 66.Bg6 Kb6 67.Be4 Kxa7 68.Bxa8 Kxa8 69.Ke5  1-0

[Event "13th Sautron Open 2013"]
[Site "Sautron FRA"]
[Date "2013.10.31"]
[Round "7.1"]
[White "Kasparov,S"]
[Black "Avrukh,B"]
[Result "1/2-1/2"]
[WhiteElo "2480"]
[BlackElo "2576"]

1.e4 c5 2.Nf3 e6 3.d4 cxd4 4.Nxd4 Nc6 5.Nb5 d6 6.c4 Nf6 7.N1c3 a6 8.Na3 Be7
9.Be2 O-O 10.O-O b6 11.Be3 Bb7 12.Qb3 Nd7 13.Rad1 Rb8 14.Rd2 Re8 15.Rc1 Bf8
16.Qd1 Nb4 17.Nc2 Nxc2 18.Rcxc2 Qc7 19.f3 Rbc8 20.Bf1 Qb8 21.Rc1 Ba8 22.Rcc2 Bb7
23.Rc1 Ba8 24.Rcc2 Bb7 25.Rc1 Ba8 26.Ra1  1/2-1/2

[Event "Leuven Open 2013"]
[Site "Leuven BEL"]
[Date "2013.11.10"]
[Round "5.5"]
[White "Allaert,D"]
[Black "Akesson,R"]
[Result "1/2-1/2"]
[WhiteElo "2140"]
[BlackElo "2456"]

1.e4 c5 2.Nf3 e6 3.d4 cxd4 4.Nxd4 Nc6 5.Nb5 d6 6.Bf4 e5 7.Be3 Nf6 8.Bg5 Be6
9.Nd2 Be7 10.Bxf6 Bxf6 11.Nc4 O-O 12.Qxd6 a6 13.Qxd8 Bxd8 14.Nba3 b5 15.Ne3 Ba5+
16.c3 b4 17.Nb1 bxc3 18.bxc3 Nd4 19.Bd3 Rfc8 20.O-O Bxc3 21.Nxc3 Rxc3 22.Rfd1 a5
23.Bf1 g6 24.h3 a4 25.Rd3 Rac8 26.Rxc3 Rxc3 27.a3 Nb3 28.Nd1 Rc5 29.Ra2 Rc1
30.Ne3 Nd4 31.Rd2 Ra1 32.Kh2 Rxa3 33.Bc4 Rc3 34.Bxe6 Nxe6 35.Ra2 Nc5 36.Ng4 a3
37.Nxe5 Nxe4 38.Nf3 Nd6 39.Nd4 Nc4 40.Rc2 Rxc2 41.Nxc2 f5 42.Nb4 Kf7 43.f4 Ke6
44.Kg3 Kd6 45.Kh4 Kc5 46.Na2 Nb2 47.Kg5 Nd3 48.g4 Kc4 49.gxf5 gxf5 50.Kxf5 Kb3
51.Ke4 Nxf4  1/2-1/2

[Event "XXVII Belgrade Trophy"]
[Site "Obrenovac SRB"]
[Date "2013.11.28"]
[Round "5.34"]
[White "Dizdarevic,B"]
[Black "Rajkovic,Du"]
[Result "0-1"]
[WhiteElo "2009"]
[BlackElo "2389"]

1.e4 c5 2.Nf3 e6 3.d4 cxd4 4.Nxd4 Nc6 5.Nb5 d6 6.Bf4 e5 7.Be3 Be6 8.N1c3 a6
9.Na3 Nf6 10.Nc4 Rb8 11.Bb6 Qd7 12.Qd2 Rc8 13.Ne3 Be7 14.Ned5 O-O 15.Be2 Bd8
16.Be3 Bxd5 17.exd5 Ne7 18.Bg5 Nexd5 19.Nxd5 Ne4 20.Qd3 Nxg5 21.O-O Ne6 22.c3 f5
23.f4 Nc5 24.Qc2 e4 25.Rad1 Kh8 26.b4 Na4 27.Qb3 Nb6 28.c4 Qc6 29.Nxb6 Bxb6+
30.Kh1 a5 31.bxa5 Bxa5 32.Rd5 Ra8 33.Qh3 Qd7 34.Rfd1 Bb4 35.Qb3 Qa4 36.Qxa4 Rxa4
37.Rb5 Bc5 38.Rxb7 Rxa2 39.Bf1 h6 40.Rdb1 Kh7 41.R7b2 Rfa8 42.Rb7 Rf2 43.h3 Rxf4  0-1

[Event "TCh-CZE Extraliga 2013-14"]
[Site "Poruba CZE"]
[Date "2013.11.30"]
[Round "3.3"]
[White "Malinovsky,K"]
[Black "Laznicka,V"]
[Result "1/2-1/2"]
[WhiteElo "2445"]
[BlackElo "2677"]

1.e4 c5 2.Nf3 e6 3.d4 cxd4 4.Nxd4 Nc6 5.Nb5 d6 6.c4 Nf6 7.N1c3 a6 8.Na3 Be7
9.Be2 O-O 10.O-O b6 11.Be3 Ne5 12.f3 Qc7 13.Rc1 Bb7 14.Qd2 Rfd8 15.Rfd1 Rab8
16.Bf1 Ba8 17.Qf2 Kh8 18.Na4 Qc6 19.b3 Nfd7 20.Nc2 Qb7 21.Nd4 Rdc8 22.Kh1 Rc7
23.Rc2 Rbc8 24.Rdc1 Nc5 25.Nb2 Nc6 26.Nxc6 Qxc6 27.Bd4 Bg5 28.Rd1 h6 29.Nd3 Nd7
30.Be3 Be7 31.Bf4 Qb7 32.Qg3 e5 33.Be3 a5 34.Rcd2 Rf8 35.Nc1 Nc5 36.Ne2 Qc8
37.Nc3 Bc6 38.Nd5 Bxd5 39.Rxd5 Rc6 40.Qf2 Qc7 41.Qc2 Ne6 42.g3 Bf6 43.Qd2 Nd4
44.Bxd4 exd4 45.Rf5 Qe7 46.Rb5 Qd8 47.Bd3 Rc5 48.a4 Qc7 49.Kg2 Re8 50.Re1 Rxb5
51.cxb5 Qc3 52.Qxc3 dxc3 53.Rc1 g5 54.Rd1 Kg7 55.Bc2 Be5 56.Kf2 Kf6 57.Ke3 Ke6
58.Bd3 d5 59.exd5+ Kd6 60.Be4 f5 61.Bxf5 Bxg3+ 62.Kd3 Be5 63.Be4 Rf8 64.Rg1 Kc5
65.h3 Kb4 66.Kc2 Kc5 67.Rg4 Rf6 68.h4 Rf4  1/2-1/2

[Event "TCh-CZE Vychod 2013-14"]
[Site "Czech Rep CZE"]
[Date "2013.12.08"]
[Round "4.3"]
[White "Malik,J"]
[Black "Butkiewicz,L"]
[Result "0-1"]
[WhiteElo "2257"]
[BlackElo "2432"]

1.e4 c5 2.Nf3 e6 3.d4 cxd4 4.Nxd4 Nc6 5.Nb5 d6 6.c4 Nf6 7.N1c3 a6 8.Na3 Be7
9.Be3 O-O 10.Be2 b6 11.O-O Bb7 12.f3 Nd7 13.Qd2 Rc8 14.Rac1 Nc5 15.Rfd1 Qc7
16.Bf1 Qb8 17.Qf2 Rfd8 18.Nab1 a5 19.Na3 Bf6 20.Nab5 Ne7 21.Bd4 Bxd4 22.Rxd4 Rd7
23.Rcd1 Rcd8 24.Qg3 e5 25.R4d2 Bc6 26.Bd3 Ne6 27.Bc2 Bxb5 28.Nxb5 Nc6 29.Ba4 Nc5
30.Bc2 h6 31.Qf2 Na7 32.Nc3 b5 33.cxb5 Nxb5 34.Nxb5 Qxb5 35.Qe3 Ne6 36.Bb3 Nd4
37.Rc1 Qb6 38.Kf2 Rc7 39.Rc3 Rdc8 40.Rdc2 Rc5 41.Rxc5 Rxc5 42.Rxc5 Qxc5 43.Bd1 g6
44.Qc3 Qb6 45.Kf1 Kg7 46.Be2 Nxe2 47.Kxe2 Qg1 48.Qxa5 Qxg2+ 49.Ke3 Qxh2 50.Qd2 Qg1+
51.Qf2 Qc1+ 52.Qd2 Qc5+ 53.Kd3 h5 54.Qh2 Qd4+ 55.Kc2 Qa4+  0-1

[Event "TCh-CZE Vychod 2013-14"]
[Site "Czech Rep CZE"]
[Date "2013.12.08"]
[Round "4.1"]
[White "Velicka,P"]
[Black "Bernasek,J"]
[Result "1/2-1/2"]
[WhiteElo "2413"]
[BlackElo "2539"]

1.e4 c5 2.Nf3 e6 3.d4 cxd4 4.Nxd4 Nc6 5.Nb5 d6 6.c4 Nf6 7.N1c3 a6 8.Nd4 Bd7
9.Be2 Rc8 10.Nxc6 Bxc6 11.Bf3 b5 12.cxb5 axb5 13.a3 Qb6 14.O-O Be7 15.Bf4 O-O
16.Bxd6 Rfd8 17.e5 Bxd6 18.exd6 Bxf3 19.Qxf3 Rxd6 20.Rfd1 Rxd1+ 21.Rxd1 b4
22.axb4 Qxb4 23.Qe2 h5 24.h3 g6 25.Qe5 Kg7 26.Rd4 Qb8 27.Qxb8 Rxb8 28.Rd2 h4
29.Kf1 Nh5 30.Ne2 f5 31.Ke1 Kf6 32.Kd1 g5 33.Kc2 Ke5 34.Rd3 Nf6 35.Re3+ Kd6
36.Rd3+ Ke5 37.Re3+ Kd6 38.Rd3+ Ke7 39.Nc3 g4 40.Rd4 Rc8 41.f3 e5 42.Ra4 gxh3
43.gxh3 e4 44.fxe4 Nxe4 45.Kd1 Nxc3+ 46.bxc3 Rxc3 47.Rxh4  1/2-1/2

[Event "2nd Kurdistan Open 2013"]
[Site "Erbil IRQ"]
[Date "2013.12.12"]
[Round "3.10"]
[White "Kasparova,T"]
[Black "Bahzad,Zeenaldeen Mawlud"]
[Result "1/2-1/2"]
[WhiteElo "2133"]
[BlackElo "2087"]

1.e4 c5 2.Nf3 e6 3.d4 cxd4 4.Nxd4 Nc6 5.Nb5 d6 6.Bf4 e5 7.Be3 a6 8.N5c3 Nf6
9.Bg5 Be6 10.Nd2 Be7 11.Bxf6 Bxf6 12.Nc4 Nd4 13.Ne3 Rc8 14.Bd3 Bg5 15.Ncd5 O-O
16.c3 Nc6 17.O-O Ne7 18.Bc2 Bxe3 19.Nxe3 Ng6 20.Bb3 Qe7 21.g3 Rcd8 22.Qf3 Qg5
23.Kh1 Ne7 24.Rad1 Bxb3 25.axb3 f5 26.exf5 Rd7 27.Kg2 Nxf5 28.Nxf5 Qxf5 29.Qd5+ Kh8
30.Rd2 h5 31.h4 Rf6 32.Re1 Rdf7 33.Ree2  1/2-1/2

[Event "20th Zadar Open A 2013"]
[Site "Zadar CRO"]
[Date "2013.12.17"]
[Round "4.18"]
[White "Cela,S"]
[Black "Andrejic,V"]
[Result "1/2-1/2"]
[WhiteElo "2326"]
[BlackElo "2224"]

1.e4 c5 2.Nf3 e6 3.d4 cxd4 4.Nxd4 Nc6 5.Nb5 d6 6.Bf4 e5 7.Be3 a6 8.N5c3 Nf6
9.Bg5 Be7 10.Bxf6 Bxf6 11.Nd2 Be6 12.Nc4 Nd4 13.Ne3 Qa5 14.Bd3 Bg5 15.O-O Bxe3
16.fxe3 Nc6 17.a3 Qc5 18.Qf3 Ne7 19.Kh1 O-O 20.Rad1 b5 21.Nd5 Bxd5 22.exd5 f5
23.e4 f4 24.Qe2 Rab8 25.Qd2 Qb6 26.Rf3 Rf6 27.Rh3 a5  1/2-1/2

[Event "Pavlodar Open 2013"]
[Site "Pavlodar KAZ"]
[Date "2013.12.18"]
[Round "9.2"]
[White "Vokarev,S"]
[Black "Solak,D"]
[Result "1/2-1/2"]
[WhiteElo "2464"]
[BlackElo "2618"]

1.e4 c5 2.Nf3 e6 3.d4 cxd4 4.Nxd4 Nc6 5.Nb5 d6 6.c4 a6 7.Nd4 Bd7 8.Nc3 Rc8
9.Nxc6 Rxc6 10.Be2 Be7 11.Bf4 Nf6 12.O-O O-O 13.a4 Qc8 14.Be3 Qb8 15.f3 Rcc8
16.Qd2 Bc6 17.Rfd1 Rfd8 18.Bb6 Re8 19.Bd4 Nd7 20.b3 Nc5 21.Qb2 a5 22.Bf1 Bf8
23.Kh1 Qc7 24.Rd2 Qe7 25.Rad1 Qg5 26.Bf2 h5 27.Ne2 h4 28.Nd4 Be7 29.Qc2 Qg6
30.Re2 Red8 31.Nxc6 Rxc6 32.f4 Qg4 33.Be3 Qg6 34.Bf2 Qg4 35.Be3 Qg6  1/2-1/2

[Event "St Petersburg Blitz Prelim 2013"]
[Site "St Petersburg RUS"]
[Date "2013.12.22"]
[Round "3.2"]
[White "Shchukin,D"]
[Black "Goganov,A"]
[Result "1-0"]
[WhiteElo "2331"]
[BlackElo "2581"]

1.e4 c5 2.Nf3 e6 3.d4 cxd4 4.Nxd4 Nc6 5.Nb5 d6 6.Bf4 e5 7.N1c3 a6 8.Nd5 axb5
9.Be3 Ra4 10.f3 Rd4 11.Bxd4 Nxd4 12.c3 Nc6 13.Bxb5 Nf6 14.a4 Bd7 15.O-O Be7
16.b4 Nxd5 17.exd5 Nb8 18.c4 Bxb5 19.axb5 O-O 20.Kh1 Nd7 21.Ra7 Qb6 22.Qa1 Bd8
23.Ra8 Qe3 24.Qa3 Qe2 25.Qc1 Nb6 26.Rb8 Nxc4 27.Re1 Qd3 28.Rd1 Qb3 29.Rxb7 Bg5
30.Qb1 Qc3 31.Rc7 f5 32.b6 e4 33.fxe4 fxe4 34.b7 e3 35.Rc8 e2 36.Rxf8+ Kxf8
37.Qf5+ Bf6  1-0